000171090 001__ 171090 000171090 005__ 20260506144057.0 000171090 0248_ $$2sideral$$a130405 000171090 037__ $$aART-2016-130405 000171090 041__ $$aspa 000171090 100__ $$0(orcid)0000-0001-7385-6772$$aMérida Donoso, J. A.$$uUniversidad de Zaragoza 000171090 245__ $$aTe doy mis ojos contra el maltrato de género 000171090 260__ $$c2016 000171090 5203_ $$aPresentación de una serie de actividades para trabajar el maltrato en el aula utilizando el filme de Icíar Bollaín Te doy mis ojos. La prevención de la violencia contra las mujeres ha supuesto una gran cantidad de trabajos y materiales elaborado en los últimos años desde el estado español, tanto desde las instituciones y administraciones públicas, como desde las asociaciones, academias y particulares. El siguiente artículo pretende recoger una propuesta didáctica en clase sobre el cine y el maltrato de género. Como se sabe la realidad está impregnada de imágenes sobre la que cabe pensar de forma crítica para evitar visualizaciones dominantes... 000171090 540__ $$9info:eu-repo/semantics/closedAccess$$aAll rights reserved$$uhttp://www.europeana.eu/rights/rr-f/ 000171090 655_4 $$ainfo:eu-repo/semantics/article$$vinfo:eu-repo/semantics/publishedVersion 000171090 7102_ $$14006$$2210$$aUniversidad de Zaragoza$$bDpto. Didác.Leng.y CC.HH.y SS.$$cÁrea Didáctica Ciencias Socia. 000171090 773__ $$g121 (2016), 8-15$$pMaking of (Barc.)$$tMaking of (Barcelona)$$x1137-4926 000171090 85641 $$uhttp://www.centrocp.com/te-doy-mis-ojos-maltrato-genero/$$zTexto completo de la revista 000171090 8564_ $$s603902$$uhttps://zaguan.unizar.es/record/171090/files/texto_completo.pdf$$yVersión publicada 000171090 8564_ $$s1385709$$uhttps://zaguan.unizar.es/record/171090/files/texto_completo.jpg?subformat=icon$$xicon$$yVersión publicada 000171090 909CO $$ooai:zaguan.unizar.es:171090$$particulos$$pdriver 000171090 951__ $$a2026-05-06-13:58:22 000171090 980__ $$aARTICLE